Music Quiz

Random Music or Album Quiz

Meaty Beaty Big and Bouncy Quiz Stats

 Plays Quiz not verified by Sporcle

Score 0/14 Timer 04:00
0 Plays Today
Track Number Song Title % Correct
Track 6My Generation
85.6%
Track 9Pinball Wizard
80%
Track 4I Can See for Miles
77.6%
Track 1I Can't Explain
72.8%
Track 13Substitute
72%
Track 12Magic Bus
71.2%
Track 3Happy Jack
69.6%
Track Number Song Title % Correct
Track 11Boris the Spider
69.6%
Track 5Pictures of Lily
68.8%
Track 2The Kids Are Alright
66.4%
Track 7The Seeker
64%
Track 8Anyway, Anyhow, Anywhere
58.4%
Track 14I'm a Boy
56%
Track 10A Legal Matter
50.4%

You're not logged in!

Compare scores with friends on all Sporcle quizzes.
OR
Log In

Show Comments

Extras

Top Quizzes Today


Score Distribution

Your Account Isn't Verified!

In order to create a playlist on Sporcle, you need to verify the email address you used during registration. Go to your Sporcle Settings to finish the process.

Report this User

Report this user for behavior that violates our Community Guidelines.

Details: